<?xml version="1.0" encoding="UTF-8"?>
<record
    xmlns:xsi="http://www.w3.org/2001/XMLSchema-instance"
    xsi:schemaLocation="http://www.loc.gov/MARC21/slim http://www.loc.gov/standards/marcxml/schema/MARC21slim.xsd"
    xmlns="http://www.loc.gov/MARC21/slim">

  <leader>     nam a22     7a 4500</leader>
  <datafield tag="999" ind1=" " ind2=" ">
    <subfield code="c">357723</subfield>
    <subfield code="d">357723</subfield>
  </datafield>
  <controlfield tag="003">IT-MiCISF</controlfield>
  <controlfield tag="005">20180108163655.0</controlfield>
  <controlfield tag="008">180108b        xxu||||| |||| 00| 0 eng d</controlfield>
  <datafield tag="040" ind1=" " ind2=" ">
    <subfield code="c">IT-MiCISF</subfield>
  </datafield>
  <datafield tag="041" ind1=" " ind2=" ">
    <subfield code="a">it</subfield>
  </datafield>
  <datafield tag="100" ind1=" " ind2=" ">
    <subfield code="a">Mendolicchio Leonardo</subfield>
    <subfield code="9">56703</subfield>
  </datafield>
  <datafield tag="245" ind1=" " ind2=" ">
    <subfield code="a">Bisogna pur mangiare</subfield>
    <subfield code="b">Nuove esperienze di cura e testimonianze inedite su anoressia, bulimia e obesit&#xE0;</subfield>
  </datafield>
  <datafield tag="260" ind1=" " ind2=" ">
    <subfield code="a">Torino</subfield>
    <subfield code="b">Lindau</subfield>
    <subfield code="c">2017</subfield>
  </datafield>
  <datafield tag="300" ind1=" " ind2=" ">
    <subfield code="a">pp. 236</subfield>
  </datafield>
  <datafield tag="500" ind1=" " ind2=" ">
    <subfield code="a">disturbi-alimentazione, cura, psicoanalisi, comunit&#xE0;-terapeutica, esperienze</subfield>
  </datafield>
  <datafield tag="520" ind1=" " ind2=" ">
    <subfield code="a">&#xC8; nella risposta adattiva all&#x2019;inquietudine che bisogna collocare i costumi alimentari di questa societ&#xE0;, che spesso assurgono a ruolo di sintomi veri e propri. Arrivati a questo punto, quale soluzione si pu&#xF2; mettere in campo per attenuare la presa del sistema dialettico, psichico e sociale fondato sul bisogno/frustrazione tipico di una societ&#xE0; che potrebbe essere definita tossicomanica? &#xC8; possibile una rettifica di tale prospettiva dal lato del soggetto, pensando la possibilit&#xE0; di passare dal bisogno all&#x2019;amore/desiderio? Oppure &#xE8; sensato agire sull&#x2019;Altro sociale tentando una modulazione della presa consumistica e di godimento a cui espone? L&#x2019;esperienza di cura offerta dall&#x2019;A. a Villa Miralago &#x2013; residenza sanitaria per la cura dei disturbi alimentari situata in provincia di Varese &#x2013; si colloca in un contesto terapeutico comunitario dove &#xE8; ben chiaro che il sintomo alimentare &#xE8; un mortifero, ma prezioso tentativo di sfuggire all&#x2019;angoscia legata al bisogno, che mette il soggetto alla merc&#xE9; di una dipendenza alla quale disperatamente tenta di sottrarsi.</subfield>
  </datafield>
  <datafield tag="650" ind1=" " ind2=" ">
    <subfield code="a">salute-cura</subfield>
    <subfield code="9">56220</subfield>
  </datafield>
  <datafield tag="654" ind1=" " ind2=" ">
    <subfield code="a">saggio</subfield>
  </datafield>
  <datafield tag="700" ind1=" " ind2=" ">
    <subfield code="a">De Paoli E.</subfield>
    <subfield code="a">Minazzi E.</subfield>
    <subfield code="a">Mattioli M.</subfield>
    <subfield code="a">Lo Cascio D.</subfield>
    <subfield code="a">Framarini C.</subfield>
    <subfield code="a">De Lillo A.</subfield>
    <subfield code="a">Croci F.</subfield>
    <subfield code="a">Ghidini R.</subfield>
    <subfield code="a">Di Grazia B.</subfield>
    <subfield code="a">Dozio E.</subfield>
    <subfield code="a">Resteghini M.</subfield>
    <subfield code="a">Ceccherini B.</subfield>
    <subfield code="a">Colucci A.</subfield>
    <subfield code="a">Lampo L.</subfield>
    <subfield code="9">56704</subfield>
  </datafield>
  <datafield tag="942" ind1=" " ind2=" ">
    <subfield code="2">ddc</subfield>
    <subfield code="c">BK</subfield>
  </datafield>
  <datafield tag="952" ind1=" " ind2=" ">
    <subfield code="0">0</subfield>
    <subfield code="1">0</subfield>
    <subfield code="2">ddc</subfield>
    <subfield code="4">0</subfield>
    <subfield code="6">B_7413_000000000000000</subfield>
    <subfield code="7">1</subfield>
    <subfield code="a">CISF</subfield>
    <subfield code="b">CISF</subfield>
    <subfield code="d">2018-01-08</subfield>
    <subfield code="l">0</subfield>
    <subfield code="o">b7413</subfield>
    <subfield code="p">9788867087136</subfield>
    <subfield code="r">2018-01-08 00:00:00</subfield>
    <subfield code="w">2018-01-08</subfield>
    <subfield code="y">BK</subfield>
  </datafield>
</record>
